Pierwiastki chemiczne - nagła śmierć - Statystyki

Ogólne statystyki
  • Ten quiz został rozwiązany 89 razy
  • Średni wynik to 11 z 20
Answers on the Grid
Answers color-coded by a green-red scale on the quiz's grid according to % correct below.
Kiur
Ameryka
Akten
Bor
Ber
Bar
Cer
Ter
Ołów
Rtęć
Asfalt
Holm
Cyrkon
Woda
Złoto
Wodór
Glina
Niob
Tryton
Tantal
Wolfram
Hiob
Tytan
Platyna
Potas
Saturn
Miedź
Ziemia
Uran
Osm
Erk
Neptun
 
Statystyki odpowiedzi
Odpowiedź % Poprawnych
Wodór
78%
Ołów
76%
Potas
74%
Rtęć
72%
Złoto
72%
Bor
70%
Uran
70%
Bar
67%
Miedź
65%
Wolfram
61%
Tytan
59%
Platyna
57%
Osm
52%
Cer
41%
Kiur
41%
Neptun
39%
Niob
37%
Tantal
33%
Cyrkon
31%
Holm
30%
Nie znaleziono quizów pasujących do podanych kryteriów
Rozkład punktacji
Procent ludzi z każdym wynikiem
Percentyl według liczby udzielonych odpowiedzi
Twoja historia wyników
Nie rozwiązałeś tego quizu